[Event "ArcelorMittal Open"]
[Site "Frydek Mistek CZE"]
[Date "2009.04.09"]
[Round "2"]
[White "Bacon,N"]
[Black "Mouryc,T"]
[Result "0-1"]
[WhiteElo "2186"]
[BlackElo "1992"]

1.d4 d5 2.c4 c6 3.Nc3 Nf6 4.Nf3 e6 5.e3 Nbd7 6.Qc2 a6 7.Bd2 dxc4 8.Bxc4 b5
9.Be2 Bb7 10.O-O c5 11.Rfd1 Rc8 12.dxc5 Bxc5 13.a3 O-O 14.b4 Be7 15.Qb3 Nd5
16.Rac1 Bf6 17.Ne4 Rxc1 18.Nxf6+ N7xf6 19.Bxc1 Qe7 20.Bb2 Rc8 21.Bd4 Ne4
22.Bd3 Nec3 23.Re1 Na4 24.Qb1 h6 25.Qa1 f6 26.Nh4 Qc7 27.Qd1 e5 28.Ba1 Rd8
29.Qg4 Ne7 30.Qe6+ Kf8 31.Bh7 Qc4 32.Qxc4 bxc4 33.Bc2 Nb6 34.e4 Rd2 35.Rc1 Nc6
36.Bc3 Rd7 37.Kf1 Nd4 38.Bb1 Nb3 39.Re1 Na4 40.Bxe5 fxe5 41.Ng6+ Ke8 42.Nxe5 Rd4
43.Bc2 Nb6 44.Kg1 Nd2 45.f3 c3 46.Re3 Ndc4 47.Nxc4 Rxc4 48.Kf2 Bc8 49.Ke2 Bd7
50.Kd3 Rc7 51.Bb3 Ba4 52.Bxa4+ Nxa4 53.Kc2 Ke7 54.Re2 Kd6 55.Kb3 Nb2 56.Rc2 Nd1
57.g3 Ke5 58.Rc1 Ne3 59.Rxc3 Rxc3+ 60.Kxc3 Nf1 61.Kd3 Nxh2 62.a4 Nxf3 63.Kc4 Nd4
64.Kc5 h5 65.Kb6 g5 66.b5 axb5 67.a5 b4 68.a6 b3 69.a7 b2 70.a8=Q b1=Q+ 71.Kc7 Ne6+
72.Kd7 Qd3+ 73.Ke7 Qd8+  0-1

[Event "XXXVI Open"]
[Site "La Roda ESP"]
[Date "2009.04.09"]
[Round "3"]
[White "Alvarez Pedraza,A"]
[Black "Korneev,O"]
[Result "1-0"]
[WhiteElo "2466"]
[BlackElo "2587"]

1.d4 d5 2.c4 c6 3.Nf3 Nf6 4.Nc3 e6 5.e3 Nbd7 6.Qc2 Bd6 7.g4 h6 8.h3 b5 9.cxb5 c5
10.Rg1 Bb7 11.g5 hxg5 12.Nxg5 O-O 13.Bd2 a6 14.h4 Qe7 15.h5 cxd4 16.exd4 e5
17.O-O-O exd4 18.Re1 dxc3 19.Rxe7 cxd2+ 20.Kxd2 Bxe7 21.Bh3 Ne5 22.Qf5 Nc4+
23.Kd1 axb5 24.Ne6 Kh8 25.Rxg7 Rg8 26.Qg5 Ng4 27.Qxe7 Rxg7 28.Nxg7 Nxf2+
29.Ke2 Nxh3 30.Nf5 Nf4+ 31.Kd1 Nxb2+ 32.Kc2 Rc8+ 33.Kxb2 Nd3+ 34.Kb3 Nc5+
35.Kb4 Nd3+ 36.Ka5  1-0

[Event "11th European Senior Team"]
[Site "Velden AUT"]
[Date "2009.04.09"]
[Round "5"]
[White "Jamieson,P"]
[Black "Sorensen,B"]
[Result "1-0"]
[WhiteElo "2288"]
[BlackElo "2194"]

1.d4 d5 2.c4 c6 3.Nc3 Nf6 4.Nf3 e6 5.e3 Nbd7 6.Bd3 Bd6 7.O-O O-O 8.e4 dxe4
9.Nxe4 Nxe4 10.Bxe4 c5 11.Bg5 f6 12.Be3 f5 13.Bc2 Qf6 14.dxc5 Bxc5 15.Bxc5 Nxc5
16.b4 Ne4 17.Qe2 Bd7 18.Bxe4 fxe4 19.Nd2 Qb2 20.Rfb1 Qd4 21.Rd1 Ba4 22.Nb3 Qe5
23.Rac1 Bxb3 24.axb3 Rad8 25.Rd2 a6 26.Rcd1 Rxd2 27.Qxd2 Qf5 28.h3 h6 29.Qe3 Qg6
30.Kf1 Rf5 31.Rd4 Re5 32.Qf4 Qh5 33.Kg1 e3 34.fxe3 Rf5 35.Qe4 Qg6 36.Kh2 Qe8
37.Qxb7 Rf8 38.c5 Qb8+ 39.Qxb8 Rxb8 40.Kg3 Kf7 41.Kf4 Kf6 42.Ke4 Ke7 43.Ke5 a5
44.bxa5 Rxb3 45.Ra4 Rxe3+ 46.Kd4  1-0

[Event "11th European Senior Team"]
[Site "Velden AUT"]
[Date "2009.04.09"]
[Round "5"]
[White "Nystrom,R"]
[Black "Grom,W"]
[Result "1-0"]
[WhiteElo "1971"]
[BlackElo "1975"]

1.d4 d5 2.c4 c6 3.Nf3 Nf6 4.Nc3 e6 5.e3 Be7 6.Bd3 dxc4 7.Bxc4 b5 8.Bd3 a6
9.O-O Bb7 10.Qe2 Nbd7 11.Rd1 Qc7 12.Bd2 c5 13.Rac1 c4 14.Bc2 Ng4 15.e4 Ngf6
16.Bg5 Nb6 17.Bh4 O-O 18.Bg3 Qd8 19.Ne5 Rc8 20.a3 Qe8 21.Ng4 a5 22.Nxf6+ Bxf6
23.Bd6 Bg5 24.Ra1 Be7 25.Bxe7 Qxe7 26.Nxb5 Ba6 27.Nc3 Rfd8 28.Qh5 a4 29.Qa5 Qb7
30.Bxa4 Ra8 31.Bb5 Rdc8 32.Rab1 Nd7 33.Bxa6 Rxa6 34.Qg5 Qb3 35.Rdc1 Rb8 36.Qd2 Rd6
37.Qe3 Rdb6 38.h3 f6 39.Qe2 Rd6 40.Qe3 Rc8 41.d5 Ne5 42.dxe6 Rxe6 43.Qe2 Rd8
44.Qc2 Qb8 45.b3 Qc8 46.bxc4 Qxc4 47.Qb3 Rd3 48.Qb8+ Kf7 49.Nd5 Qxe4 50.Qb7+ Nd7
51.Qxd7+ Kf8 52.Rb8+ Re8 53.Rxe8+ Qxe8 54.Rc8  1-0

[Event "15th Festival Open A"]
[Site "Zupanja CRO"]
[Date "2009.04.09"]
[Round "6"]
[White "Markus,Rob"]
[Black "Predojevic,B"]
[Result "1-0"]
[WhiteElo "2606"]
[BlackElo "2652"]

1.c4 c6 2.d4 d5 3.Nc3 Nf6 4.e3 e6 5.Nf3 Nbd7 6.Bd3 dxc4 7.Bxc4 b5 8.Bd3 a6
9.a4 b4 10.Nb1 c5 11.O-O Bb7 12.Nbd2 cxd4 13.exd4 Bd6 14.Nc4 Qb8 15.Re1 Bd5
16.Qe2 O-O 17.Nfe5 Bc7 18.Bf4 Qa7 19.Ne3 Rad8 20.Nxd7 Rxd7 21.Be5 Rfd8 22.Bxf6 gxf6
23.Qg4+ Kf8 24.Bxh7 Re8 25.Nf5  1-0

[Event "47th Doeberl Cup Premier"]
[Site "Canberra AUS"]
[Date "2009.04.10"]
[Round "4"]
[White "Karavade,E"]
[Black "Caoili,A"]
[Result "1-0"]
[WhiteElo "2359"]
[BlackElo "2172"]

1.d4 d5 2.c4 c6 3.Nc3 Nf6 4.e3 e6 5.Nf3 Nbd7 6.Qc2 Bd6 7.Bd3 dxc4 8.Bxc4 b5
9.Be2 Bb7 10.O-O O-O 11.Rd1 Qc7 12.e4 e5 13.Bg5 exd4 14.Rxd4 h6 15.Bxf6 Nxf6
16.Rxd6 Qxd6 17.e5 Qc5 18.b4 Qxb4 19.exf6 g6 20.Ne5 Qd4 21.Nxg6 b4 22.Nxf8 Rxf8
23.Rd1 Qxc3 24.Qf5 Bc8 25.Qf4 Qc2 26.Qxh6 Qg6 27.Qxf8+  1-0

[Event "XXXII Open"]
[Site "Donostia San Sebastian ESP"]
[Date "2009.04.10"]
[Round "8"]
[White "Bhat,V"]
[Black "Alsina Leal,D"]
[Result "1-0"]
[WhiteElo "2475"]
[BlackElo "2503"]

1.d4 d5 2.c4 c6 3.Nf3 Nf6 4.Nc3 e6 5.e3 Nbd7 6.Bd3 dxc4 7.Bxc4 b5 8.Bd3 a6
9.e4 c5 10.d5 c4 11.Bc2 Qc7 12.O-O Bb7 13.dxe6 fxe6 14.Qe2 Bd6 15.Nd4 Qb6
16.Be3 Bc5 17.Rfd1 O-O 18.a4 Bxd4 19.Bxd4 Qc6 20.b4 cxb3 21.Bxb3 b4 22.Na2 a5
23.f3 Ba6 24.Qe1 Rfe8 25.Rac1 Qb7 26.Qg3 Rad8 27.Rc7 Nh5 28.Qd6 Nf8 29.Qe5 Ng6
30.Bxe6+ Kh8 31.Qxg7+  1-0

[Event "CEZ Cup"]
[Site "Frydek Mistek CZE"]
[Date "2009.04.10"]
[Round "4"]
[White "Jurek,J"]
[Black "Krzyzanowski,M"]
[Result "1/2-1/2"]
[WhiteElo "2344"]
[BlackElo "2272"]

1.d4 d5 2.c4 c6 3.Nf3 Nf6 4.Nc3 e6 5.e3 Nbd7 6.Qc2 Bd6 7.Bd3 O-O 8.O-O dxc4
9.Bxc4 b5 10.Be2 Bb7 11.Rd1 Qb8 12.e4 e5 13.g3 b4  1/2-1/2

[Event "Open"]
[Site "Lenk SUI"]
[Date "2009.04.10"]
[Round "3"]
[White "Salzgeber,F"]
[Black "Roelli,Sa"]
[Result "1-0"]
[WhiteElo "2163"]
[BlackElo "1989"]

1.d4 d5 2.c4 e6 3.Nc3 c6 4.e3 Nf6 5.Nf3 Nbd7 6.Qc2 Be7 7.Bd3 O-O 8.O-O dxc4
9.Bxc4 b5 10.Bd3 Bb7 11.e4 Ne8 12.e5 g6 13.Bh6 Ng7 14.Ne4 c5 15.dxc5 Nxc5
16.Nxc5 Bxf3 17.gxf3 Bxc5 18.Rad1 Qb6 19.Qe2 Rfd8 20.Be4 Rab8 21.Bg5 Rd4
22.Be3 Rdd8 23.Bg5 Rd4 24.Be3 Rdd8 25.Rxd8+ Rxd8 26.Bg5 Rd7 27.Rc1 Nf5 28.Bxf5 exf5
29.Bf6 Rc7 30.Kg2 Be7 31.Rxc7 Qxc7 32.Qxb5 Bf8 33.Qe8 h6 34.b4 Qb7 35.b5 g5
36.e6 g4 37.Qxf7+ Qxf7 38.exf7+ Kxf7 39.Bd4  1-0

[Event "11th European Senior Team"]
[Site "Velden AUT"]
[Date "2009.04.10"]
[Round "6"]
[White "Holscher,P"]
[Black "Anguera Maestro,J"]
[Result "0-1"]
[WhiteElo "2066"]
[BlackElo "2230"]

1.d4 d5 2.Nf3 Nf6 3.c4 c6 4.Nc3 e6 5.e3 Nbd7 6.cxd5 exd5 7.Bd3 Bd6 8.O-O O-O
9.Qc2 Re8 10.Bd2 Nf8 11.h3 Ng6 12.Rae1 Bd7 13.e4 dxe4 14.Nxe4 Nxe4 15.Bxe4 Qc7
16.Bf5 Bxf5 17.Qxf5 Re7 18.Re4 Qd7 19.Qxd7 Rxd7 20.Rfe1 Re7 21.Kf1 Rae8 22.Rxe7 Bxe7
23.Bb4 Kf8 24.Bxe7+ Nxe7 25.Re4 Rd8 26.Ke2 f6 27.Kd3 Rd5 28.a3 Kf7 29.Re2 Nf5
30.Kc3 h5 31.h4 Nd6 32.a4 Nf5 33.Re4 a5 34.Nd2 Nd6 35.Re2 b5 36.b3 Nf5 37.Nf3 Ne7
38.Nd2 Rd8 39.g3 Nd5+ 40.Kb2 bxa4 41.bxa4 Nb6 42.Nb3 Nxa4+ 43.Ka3 Nc3 44.Rc2 Nb5+
45.Ka4 Nxd4 46.Nxd4 Rxd4+ 47.Kxa5 f5 48.Kb6 f4 49.Rc3 fxg3 50.fxg3 Rd6 51.Kc5 Rf6
52.Re3 Kg6 53.Kd4 Kh6 54.Ke5 Rg6 55.Rc3 Rf6 56.Rc5 Rf3 57.Rxc6+ g6 58.Rc2 Rxg3
59.Rh2 g5 60.hxg5+ Kxg5 61.Ke4 h4 62.Rf2 Kg4 63.Rf4+ Kh3 64.Rf2 Rg1 65.Ra2 Rf1  0-1

[Event "47th Doeberl Cup Premier"]
[Site "Canberra AUS"]
[Date "2009.04.11"]
[Round "6"]
[White "West,G"]
[Black "Caoili,A"]
[Result "1-0"]
[WhiteElo "2343"]
[BlackElo "2172"]

1.d4 d5 2.Nf3 Nf6 3.c4 c6 4.e3 e6 5.Nc3 Nbd7 6.Qc2 Bd6 7.Bd2 O-O 8.O-O-O Qc7
9.Kb1 dxc4 10.Bxc4 b5 11.Bd3 Bb7 12.Rc1 Rac8 13.Ng5 h6 14.h4 a6 15.Nce4 Nxe4
16.Nxe4 c5 17.dxc5 Bxe4 18.Bxe4 Nxc5 19.Bf3 Na4 20.Qxc7 Rxc7 21.Rxc7 Bxc7
22.Rc1 Rd8 23.Bb4 a5 24.Be1 Bb6 25.Bc6 Nc5 26.Bxb5 Nd3 27.Bxd3 Rxd3 28.Rc8+ Kh7
29.Kc2 Rd5 30.a4 Bd8 31.e4 Rd7 32.h5 Bb6 33.f3 g6 34.Bc3 Bd4 35.hxg6+ Kxg6
36.Bxa5 Ra7 37.b4 f5 38.exf5+ Kxf5 39.Rf8+ Ke5 40.Kb3 h5 41.Rh8 Kf4 42.Rxh5 Rg7
43.Rh4+ Ke3 44.Re4+ Kd3 45.Rg4 Rh7 46.f4 Rh1 47.Rg3+ Ke4 48.Kc4 Rc1+ 49.Kb5 Kxf4
50.Rf3+ Ke4 51.Bb6 e5 52.a5 Ra1 53.a6 Kd5 54.Rf8 Bxb6 55.Kxb6 Kc4 56.b5 e4
57.a7  1-0

[Event "XXXVI Open"]
[Site "La Roda ESP"]
[Date "2009.04.11"]
[Round "6"]
[White "Granero Roca,A"]
[Black "Vera Gonzalez Quevedo,R"]
[Result "0-1"]
[WhiteElo "2393"]
[BlackElo "2479"]

1.d4 Nf6 2.c4 e6 3.Nf3 d5 4.Nc3 c6 5.e3 Nbd7 6.Qc2 Bd6 7.Be2 O-O 8.O-O dxc4
9.a4 c5 10.Bxc4 b6 11.Rd1 Bb7 12.Nb5 Be7 13.dxc5 Bxc5 14.Ng5 h6 15.Nxe6 fxe6
16.b4 Bxb4 17.Bxe6+ Kh8 18.Bb2 Qe7 19.Bh3 Nc5 20.Nd6 Nce4 21.Nxb7 Qxb7 22.g3 Qe7
23.Rd3 Rad8 24.Rad1 Rxd3 25.Rxd3 Be1 26.Ba3 Bb4 27.Bb2 Bc5 28.Bf5 Nd6 29.Bh3 Nfe4
30.f4 Ng5 31.Bg2 Bxe3+ 32.Kf1 Bxf4  0-1

[Event "Open"]
[Site "Lenk SUI"]
[Date "2009.04.11"]
[Round "5"]
[White "Rufener,M"]
[Black "Hoffmann,Micha1"]
[Result "1-0"]
[WhiteElo "2329"]
[BlackElo "2487"]

1.d4 d5 2.c4 c6 3.Nf3 Nf6 4.Nc3 e6 5.e3 Nbd7 6.Bd3 dxc4 7.Bxc4 b5 8.Bd3 Bb7
9.e4 b4 10.Na4 c5 11.e5 Nd5 12.O-O cxd4 13.Re1 g6 14.Bd2 Bg7 15.Bb5 a6 16.Nc5 axb5
17.Nxb7 Qb6 18.Nd6+ Ke7 19.Bg5+ Kf8 20.Nxd4 Nxe5 21.N4xb5 h6 22.Bh4 Nc4 23.Nxc4 Qxb5
24.Qb3 Kg8 25.a4 Qb7 26.Nd6 Qd7 27.Ne4 Kh7 28.Nc5 Qa7 29.Nd3 Rhc8 30.Bg3 Qd4
31.a5 Qc4 32.Qxc4 Rxc4 33.Ra4 Rc2 34.Nxb4 Nxb4 35.Rxb4 Rxa5 36.Rb7 Rf5 37.b4 Rb2
38.h4 Bd4 39.Rxe6 Bxf2+ 40.Bxf2 Rfxf2 41.Ree7 Rxg2+ 42.Kh1 Rh2+ 43.Kg1 Rbg2+
44.Kf1 Rf2+ 45.Kg1 Rhg2+ 46.Kh1 Rg4 47.Rxf7+ Rxf7 48.Rxf7+ Kg8 49.Rb7 Rxh4+
50.Kg2 Rf4 51.b5 Rb4 52.Kg3 h5 53.Kf3 g5 54.b6 h4 55.Rb8+ Kg7 56.b7 g4+ 57.Ke3 Kh7
58.Rc8 Rxb7 59.Rc5 Rf7 60.Rh5+ Kg6 61.Rxh4 Kg5 62.Rh8 g3 63.Ke2 Kg4 64.Ke1 g2
65.Ke2 Kg3 66.Rg8+ Kh2 67.Rh8+ Kg1 68.Rh6 Rf5 69.Rh8 Re5+ 70.Kd2 Kf2 71.Rf8+ Kg3  1-0

[Event "ch-MGL"]
[Site "Ulan Bator MGL"]
[Date "2009.04.11"]
[Round "2"]
[White "Bayarmandakh,B"]
[Black "Tuvsanaa,N"]
[Result "1-0"]
[WhiteElo "2345"]
[BlackElo "2301"]

1.d4 d5 2.c4 c6 3.Nf3 Nf6 4.Nc3 e6 5.e3 Nbd7 6.Bd3 dxc4 7.Bxc4 b5 8.Bd3 a6
9.O-O c5 10.a4 b4 11.Ne2 Bb7 12.Ng3 Rc8 13.Qe2 a5 14.Rd1 Bd6 15.e4 Bxg3 16.hxg3 cxd4
17.Nxd4 O-O 18.Nb3 Ne5 19.Bb5 Qe7 20.Bf4 Nfg4 21.Nxa5 Ba8 22.Nb3 g5 23.Bxe5 Nxe5
24.Nd4 Qf6 25.Nf3 Nxf3+ 26.gxf3 Rc5 27.Rac1 Rfc8 28.Rxc5 Rxc5 29.Bc4 h5 30.b3 h4
31.g4 Kg7 32.Kg2 Re5 33.Qe3 Qe7 34.Be2 f5 35.Qd4 Qc7 36.Qd7+ Qxd7 37.Rxd7+ Kf6
38.Ra7 Bc6 39.gxf5 g4 40.Ra6  1-0

[Event "47th Doeberl Cup Premier"]
[Site "Canberra AUS"]
[Date "2009.04.12"]
[Round "7"]
[White "Sandler,L"]
[Black "Lane,G"]
[Result "1/2-1/2"]
[WhiteElo "2332"]
[BlackElo "2371"]

1.d4 d5 2.Nf3 c6 3.c4 Nf6 4.Nc3 e6 5.e3 Nbd7 6.Qc2 Bd6 7.Bd2 O-O 8.O-O-O Qe7
9.e4 dxe4 10.Nxe4 Nxe4 11.Qxe4 f5 12.Qc2 c5 13.Bg5 Qf7 14.dxc5 Bxc5 15.Bf4 Qf6
16.Bg5 Qf7 17.Bf4 Qf6  1/2-1/2

[Event "CEZ Cup"]
[Site "Frydek Mistek CZE"]
[Date "2009.04.12"]
[Round "8"]
[White "Belunek,V"]
[Black "Nemcova,Kat"]
[Result "0-1"]
[WhiteElo "2284"]
[BlackElo "2294"]

1.d4 d5 2.c4 c6 3.Nf3 Nf6 4.Nc3 e6 5.e3 Nbd7 6.Qc2 Bd6 7.g4 h6 8.Rg1 e5 9.h4 e4
10.Nd2 g5 11.cxd5 cxd5 12.f3 gxh4 13.f4 Rg8 14.Nb3 h3 15.Qh2 Nb6 16.Qxh3 h5
17.Bb5+ Ke7 18.Qh4 hxg4 19.Bd2 Rh8 20.Qf2 a6 21.Be2 Bf5 22.Nc5 Qc7 23.Rc1 Rag8
24.Kd1 Rh3 25.Nb3 Qb8 26.Kc2 g3 27.Qf1 Rh2 28.Kb1 Bxf4 29.Ka1 Rf2 30.Qe1 Bd6
31.Nd1 Rh2 32.Bb4 Bxb4 33.Qxb4+ Qd6 34.Qe1 Nbd7 35.Nc5 Rc8 36.Nc3 Nxc5 37.dxc5 Rxc5
38.Rc2 b5 39.a3 Bg4 40.Rd2 Rxc3 41.Bxg4 Nxg4 42.Rxh2 gxh2 43.Rxg4 Rxe3 44.Qh4+ Qf6  0-1

[Event "ch-DEN"]
[Site "Silkeborg DEN"]
[Date "2009.04.12"]
[Round "9"]
[White "Molvig,H"]
[Black "Akdag,D"]
[Result "0-1"]
[WhiteElo "2213"]
[BlackElo "2199"]

1.d4 d5 2.c4 c6 3.Nf3 Nf6 4.Nc3 e6 5.e3 Nbd7 6.Bd3 Bd6 7.b3 Qa5 8.Bb2 Ne4
9.Qc2 f5 10.O-O O-O 11.a3 Qd8 12.Ne2 Rf6 13.Ne5 Rh6 14.g3 Qe8 15.f3 Ndf6
16.Rae1 g5 17.Bxe4 dxe4 18.f4 Qh5 19.Nc3 Bxe5 20.dxe5 Ng4 21.Re2 Bd7 22.Rd1 Be8
23.Rdd2 gxf4 24.gxf4 Qh3 25.Nd1 Kh8 26.Bd4 Bh5 27.Rg2 Rg6 28.Nf2 Qxg2+  0-1

[Event "ch-MGL"]
[Site "Ulan Bator MGL"]
[Date "2009.04.12"]
[Round "4"]
[White "Bayarmandakh,B"]
[Black "Battulga,N"]
[Result "0-1"]
[WhiteElo "2345"]
[BlackElo "2319"]

1.d4 d5 2.c4 e6 3.Nc3 Nf6 4.e3 c6 5.Nf3 Nbd7 6.Bd3 dxc4 7.Bxc4 b5 8.Bd3 Bb7
9.a4 b4 10.Ne2 c5 11.O-O Bd6 12.Ng3 h5 13.Re1 h4 14.Nf1 h3 15.g3 Rc8 16.N1d2 Kf8
17.e4 Bb8 18.e5 Nd5 19.Nc4 Kg8 20.Bg5 Qf8 21.Na5 Ba8 22.Bb5 N7b6 23.Rc1 Rh5
24.dxc5 Rxc5 25.Qd4 Nc3 26.bxc3 Bxf3 27.cxb4 Rxb5 28.axb5 Rxg5 29.Nc6 Rg4
30.Qc5 Bxc6 31.bxc6 Nd5 32.Qxf8+ Kxf8 33.f4 g5 34.Kf2 gxf4 35.Kf3 Rg5 36.gxf4 Rg2
37.Re2 Rxe2 38.Kxe2 Nxf4+ 39.Kf3 Nd5 40.Ke4 Ke7 41.b5 f6 42.exf6+ Kxf6 43.Rf1+ Kg5
44.Rg1+ Kh4 45.Kf3 Bxh2 46.Rg7 Bc7 47.Rh7+ Kg5 48.Rxh3 Nc3 49.Ke3 Nxb5 50.Kd3 Kf6
51.Kc4 Nd6+ 52.Kc5 Ne8 53.Rh6+ Kf5 54.Kb5 Bb6 55.Ka6 Nc7+ 56.Kb7 e5 57.Rh7 Nd5
58.Rh5+ Ke4 59.Rh4+ Kd3 60.Rh3+ Kd4 61.Rh4+ e4 62.Rg4 Nc7 63.Rg7 Ne6 64.Rd7+ Ke5  0-1

[Event "KFP Cup"]
[Site "Frydek Mistek CZE"]
[Date "2009.04.13"]
[Round "9"]
[White "Csiba,D"]
[Black "Sosovicka,J"]
[Result "1-0"]
[WhiteElo "2377"]
[BlackElo "2067"]

1.d4 d5 2.c4 c6 3.Nc3 Nf6 4.Nf3 e6 5.e3 Nbd7 6.Qc2 Bd6 7.g4 dxc4 8.Bxc4 e5
9.g5 Nd5 10.Bd2 exd4 11.Qe4+ Ne7 12.Qxd4 Nf5 13.Qe4+ Ne7 14.O-O-O Nc5 15.Qc2 Qc7
16.b4 Nd7 17.Ne4 Be5 18.g6 Nxg6 19.Neg5 O-O 20.Nxf7 Rxf7 21.Ng5 Bf6 22.Bxf7+ Kh8
23.Nxh7 Qe5 24.Nxf6  1-0

[Event "ch-MGL"]
[Site "Ulan Bator MGL"]
[Date "2009.04.13"]
[Round "6"]
[White "Bayarmandakh,B"]
[Black "Gunbayar,M"]
[Result "1-0"]
[WhiteElo "2345"]
[BlackElo "2283"]

1.d4 d5 2.c4 c6 3.Nf3 Nf6 4.Nc3 e6 5.e3 Nbd7 6.Bd3 Bd6 7.O-O O-O 8.Qc2 dxc4
9.Bxc4 b5 10.Bd3 Bb7 11.Rd1 Qe7 12.e4 e5 13.Ne2 c5 14.dxe5 Nxe5 15.Nxe5 Bxe5
16.Bxb5 Bxe4 17.Bd3 Bxd3 18.Rxd3 Rfd8 19.Rxd8+ Rxd8 20.Bf4 Bd4 21.Nxd4 cxd4
22.Qd3 Qb4 23.b3 Qc3 24.Rd1 Qb2 25.Qd2 Qxd2 26.Bxd2 Ne4 27.Bb4 Rd5 28.f3 Ng5
29.Rc1 h6 30.Rc8+ Kh7 31.Rc7 a5 32.Rc5 Rd7 33.Bxa5 Ne6 34.Rc2 Kg6 35.Bd2 Kf5
36.a4 Ke5 37.Kf2 Kd5 38.b4 Re7 39.Rc8 d3 40.Be3 Nc7 41.b5 Ke6 42.b6 Nd5 43.Rc4 Rd7
44.Rc6+ Ke5 45.Bd2 Kd4 46.Bc1 Ne7 47.Be3+ Ke5 48.Rc5+ Ke6 49.Bd2 Nd5 50.a5 Kd6
51.Rb5 Kc6 52.Rb3 Kb7 53.g4 Kc6 54.h4 Kb7 55.h5 Kc6 56.Rxd3 Nxb6 57.Rxd7 Nxd7
58.Bc3 g6 59.Bg7 Kb5 60.g5  1-0

[Event "Sydney International Open"]
[Site "Parramatta AUS"]
[Date "2009.04.15"]
[Round "1"]
[White "Karavade,E"]
[Black "Jule,A"]
[Result "1-0"]
[WhiteElo "2359"]
[BlackElo "1928"]

1.d4 d5 2.c4 c6 3.Nc3 Nf6 4.e3 e6 5.Nf3 Nbd7 6.Qc2 Be7 7.b3 dxc4 8.Bxc4 O-O
9.O-O c5 10.Bb2 cxd4 11.Nxd4 Ne5 12.Be2 Bd7 13.Ne4 Rc8 14.Nxf6+ Bxf6 15.Qe4 Ng6
16.Bf3 e5 17.Nf5 Bc6 18.Qb4 Bxf3 19.gxf3 Qd5 20.Qe4 Qxe4 21.fxe4 Rfd8 22.Rac1 Nf8
23.Rxc8 Rxc8 24.Bxe5 Rc6 25.Bxf6 Rxf6 26.Rd1 g6 27.Nd6 b6 28.Nb5 a5 29.e5 Re6
30.f4 Kg7 31.Kf2 g5 32.Rd8 f6 33.Nd4  1-0

[Event "4th FIDE GP"]
[Site "Nalchik RUS"]
[Date "2009.04.16"]
[Round "2"]
[White "Eljanov,P"]
[Black "Grischuk,A"]
[Result "1/2-1/2"]
[WhiteElo "2693"]
[BlackElo "2748"]

1.d4 d5 2.c4 c6 3.Nf3 Nf6 4.Nc3 e6 5.e3 Nbd7 6.Bd3 dxc4 7.Bxc4 b5 8.Bd3 Bd6
9.O-O O-O 10.Qc2 Bb7 11.a3 a5 12.Ng5 h6 13.Nge4 Nxe4 14.Nxe4 Be7 15.Bd2 c5
16.dxc5 Nxc5 17.Nxc5 Bxc5 18.Rfd1 Qb6 19.Bh7+ Kh8 20.Be4 Rfc8 21.Bxb7 Qxb7
22.Qd3 b4 23.axb4 Bxb4 24.Bxb4 Qxb4 25.Qd2 Rab8 26.g3 Qxb2 27.Qxa5 Kg8 28.Qa2 Qxa2  1/2-1/2

[Event "4th FIDE GP"]
[Site "Nalchik RUS"]
[Date "2009.04.16"]
[Round "2"]
[White "Aronian,L"]
[Black "Akopian,Vl"]
[Result "1-0"]
[WhiteElo "2754"]
[BlackElo "2696"]

1.d4 d5 2.c4 c6 3.Nc3 Nf6 4.e3 e6 5.Nf3 a6 6.c5 Nbd7 7.b4 b6 8.Bb2 a5 9.a3 Be7
10.Bd3 O-O 11.O-O Qc7 12.Qe2 axb4 13.axb4 Bb7 14.h3 bxc5 15.bxc5 Rxa1 16.Rxa1 Ra8
17.Qd1 Rxa1 18.Qxa1 h6 19.Qa4 Bd8 20.Na2 Qa5 21.Qxa5 Bxa5 22.Bc3 Bc7 23.Nd2 Kf8
24.Nb3 Ke7 25.Ba5 Kd8 26.Nb4 Nb8 27.Kf1 Bxa5 28.Nxa5 Kc7 29.Ke2 Bc8 30.Nb3 Ng8
31.f3 Ne7 32.e4 dxe4 33.fxe4 Nd7 34.Ke3 Bb7 35.Bc4 Nf6 36.Nd2 Nd7 37.Ba2 Kd8
38.Nc4 Nc8 39.Bb3 Kc7 40.e5 f6 41.Nd3 Ba6 42.Nf4 Nf8 43.Nd6 Kd7 44.Nh5 fxe5
45.dxe5 Ne7 46.g3 g5 47.Nf6+ Kc7 48.Nf7 Bf1 49.Nxh6 Bxh3 50.Ne4 g4 51.Kd4 Bg2
52.Nf6 Bd5 53.Bd1 Bf3 54.Bc2 Kd8 55.Ne4 Nd5 56.Nf2 Ne7 57.Bd3 Kc7 58.Be4 Bxe4
59.Kxe4 Nd7 60.Nd3 Nd5 61.Nxg4 Kd8 62.Nh2 Nc3+ 63.Ke3 Nd5+ 64.Kd4 Ne7 65.Ke4 Ng6
66.Nf3 Ke7 67.Nd4 Nb8 68.Kf3 Kf7 69.Kg4 Ne7 70.Kh5 Nf5 71.Ne2 Ne3 72.g4 Nd5
73.g5 Nd7 74.g6+ Kg7 75.Kg5 Kg8 76.Nef4 Nxf4 77.Kxf4 Kf8 78.Kg4 Kg8 79.Kh5 Kh8
80.Kh6 Kg8 81.Kg5 Kg7 82.Nf4 Nxe5 83.Nxe6+ Kg8 84.Kf6 Nd7+ 85.Kf5 Kh8 86.Kg5 Kg8
87.Kh6 Ne5 88.Nd4 Ng4+ 89.Kg5 Ne5 90.Nf5 Kh8 91.Kf6 Ng4+ 92.Ke6 Kg8 93.Ne7+ Kg7
94.Nxc6  1-0

[Event "Sydney International Open"]
[Site "Parramatta AUS"]
[Date "2009.04.16"]
[Round "4"]
[White "Safarian,Al"]
[Black "Schon,E"]
[Result "0-1"]
[WhiteElo "2061"]
[BlackElo "2186"]

1.d4 d5 2.c4 c6 3.Nf3 Nf6 4.Nc3 e6 5.e3 Nbd7 6.Qc2 Bd6 7.Bd3 O-O 8.O-O dxc4
9.Bxc4 e5 10.Ne4 Bc7 11.b3 exd4 12.Ba3 dxe3 13.fxe3 c5 14.Nxc5 Ne5 15.Be2 Nfg4
16.Nxe5 Bxe5 17.Bxg4 Bxg4 18.Rac1 Rc8 19.Qe4 Qg5 20.Nd3 Rxc1 21.Bxc1 Bd6
22.Qxb7 Be2 23.Nf4 Bxf1 24.Kxf1 Bxf4 25.exf4 Qc5 26.Bd2 Rd8 27.Qb4 Qc2 28.Ke2 Re8+
29.Kf3 Qd3+ 30.Kg4 h5+ 31.Kh4 Re2 32.Qb7 Rxd2  0-1

[Event "zt 3.5 Men"]
[Site "Beijing CHN"]
[Date "2009.04.17"]
[Round "1"]
[White "Li Shilong"]
[Black "Zhou Jianchao"]
[Result "1/2-1/2"]
[WhiteElo "2557"]
[BlackElo "2635"]

1.d4 d5 2.c4 e6 3.Nc3 c6 4.e3 Nf6 5.Nf3 a6 6.c5 b6 7.cxb6 Nbd7 8.Bd3 c5 9.O-O Qxb6
10.b3 cxd4 11.exd4 Bd6 12.Bb2 O-O 13.Rc1 Qb8 14.Re1 a5 15.Qe2 Bb4 16.Ne5 Bb7
17.a3 Bxc3 18.Rxc3 Nxe5 19.dxe5 Ne4 20.Bxe4 dxe4 21.Rh3 Rd8 22.Qh5 h6 23.Rg3 Rd3
24.Rg4 Qf8 25.Bc1 Kh7 26.Rf4 Rd7 27.h3 Rc8 28.Be3 Bd5 29.b4 axb4 30.axb4 Qxb4
31.Qd1 Qe7 32.Rg4 Qf8 33.Rxe4 Bxe4  1/2-1/2

[Event "16th ch-Asian Cities Dubai Cup"]
[Site "Beirut LIB"]
[Date "2009.04.17"]
[Round "2"]
[White "Thejkumar,M"]
[Black "Mohammad,Sam"]
[Result "0-1"]
[WhiteElo "2420"]
[BlackElo "2391"]

1.d4 d5 2.c4 c6 3.Nc3 e6 4.e3 Nf6 5.Nf3 a6 6.Bd3 dxc4 7.Bxc4 b5 8.Be2 c5
9.O-O Nbd7 10.d5 exd5 11.Nxd5 Bb7 12.e4 Nxd5 13.exd5 Bd6 14.a4 b4 15.b3 O-O
16.Bb2 Nf6 17.Qc2 h6 18.Rad1 Re8 19.Bc4 Bc8 20.h3 Ra7 21.Ba1 Ne4 22.Rde1 Rae7
23.Re2 Ng5 24.Nxg5 hxg5 25.Rfe1 g4 26.Qb2 f6 27.hxg4 Bxg4 28.f3 Bc8 29.Qc2 Kf7
30.Bb2 Rxe2 31.Rxe2 Rxe2 32.Qxe2 Qh8 33.g4 Qh3 34.Bc1 Qg3+ 35.Kf1 f5 36.Bxa6 Bxa6
37.Qxa6 Qxf3+ 38.Ke1 Bg3+ 39.Kd2 Bf4+ 40.Kc2 Qc3+  0-1

[Event "Sydney International Open"]
[Site "Parramatta AUS"]
[Date "2009.04.17"]
[Round "5"]
[White "Lester,G"]
[Black "Jule,A"]
[Result "1-0"]
[WhiteElo "1801"]
[BlackElo "1928"]

1.d4 d5 2.c4 c6 3.Nf3 Nf6 4.Nc3 e6 5.e3 Nbd7 6.Qc2 Be7 7.Bd3 dxc4 8.Bxc4 b5
9.Bd3 Bb7 10.a3 a6 11.Ne4 Qb6 12.O-O Nxe4 13.Bxe4 Nf6 14.Ne5 O-O 15.b4 Rfc8
16.Bd3 a5 17.Bd2 axb4 18.axb4 g6 19.Qb2 Rd8 20.Be2 Ne4 21.Bf3 Nxd2 22.Qxd2 Rxa1
23.Rxa1 Bf6 24.Qc3 Bxe5 25.dxe5 Ra8 26.Rxa8+ Bxa8 27.Qd4 Qc7 28.Qc5 Kg7 29.h4 Kg8
30.g3 Kg7 31.Kg2 Kg8 32.Kh3 Kg7 33.Kg4 h6 34.Be4 Qd8 35.Qa7 Qd1+ 36.f3 h5+
37.Kf4 Qd8 38.Qd4 Qh8 39.g4 hxg4 40.Kxg4 Qh5+ 41.Kg3 Qh8 42.Qd7 Qf8 43.Qd6 Qe8
44.f4 Bb7 45.Bf3 Qa8 46.Qe7 Qa7 47.f5 gxf5 48.Kf4 Qa2 49.Qg5+ Kf8 50.Qd8+ Kg7
51.Kg5 Qf2 52.Qf6+ Kf8 53.Kh6 Qxe3+ 54.Kh7 Ke8 55.Bh5 Kd7 56.Qxf7+ Kc8 57.Qxe6+ Kb8
58.Qd6+ Ka7 59.Qc5+ Qxc5 60.bxc5 Bc8 61.Kg6 b4 62.Bd1 f4 63.Kg5 Ka6 64.h5 Be6
65.h6 Bg8 66.e6  1-0

[Event "Sydney International Open"]
[Site "Parramatta AUS"]
[Date "2009.04.17"]
[Round "6"]
[White "Ruan,J"]
[Black "Descallar,L"]
[Result "1/2-1/2"]
[WhiteElo "1886"]
[BlackElo "1984"]

1.d4 d5 2.c4 c6 3.Nf3 Nf6 4.Nc3 e6 5.e3 Nbd7 6.Qc2 Be7 7.b3 O-O 8.Be2 Ng4
9.h3 Ngf6 10.O-O Re8 11.Bb2 Nf8 12.Ne5 Ng6 13.f4 Bd7 14.Rad1 Rc8 15.g4 Rf8
16.Bf3 b5 17.c5 b4 18.Ne2 Nh4 19.Bh1 Be8 20.Bc1 Nd7 21.Bd2 a5 22.Be1 Ng6
23.Bg3 Bh4 24.Bh2 Be7 25.Bg2 f6 26.Nxg6 Bxg6 27.f5 Bf7 28.Nf4 exf5 29.gxf5 Re8
30.Rde1 Nf8 31.Kh1  1/2-1/2

[Event "Sydney International Open"]
[Site "Parramatta AUS"]
[Date "2009.04.17"]
[Round "6"]
[White "Ayvazyan,A"]
[Black "Watson,Ja"]
[Result "1-0"]
[WhiteElo "2210"]
[BlackElo "2101"]

1.Nf3 d5 2.c4 c6 3.e3 Nf6 4.Nc3 e6 5.d4 Nbd7 6.Bd3 dxc4 7.Bxc4 b5 8.Bd3 b4
9.Ne4 Bb7 10.O-O Nxe4 11.Bxe4 Nf6 12.Bd3 Be7 13.e4 c5 14.Bb5+ Kf8 15.e5 Nd5
16.dxc5 Bxc5 17.Ng5 Be7 18.Qh5 g6 19.Qh6+ Kg8 20.Rd1 Bf8 21.Qh3 Qc7 22.Bd2 Qxe5
23.Re1 Qf5 24.Qg3 h6 25.Ne4 Nf4 26.Qxf4 Qxb5 27.Rac1 Bxe4 28.Rxe4 a5 29.Rc7 Qf5
30.Qxf5 gxf5 31.Rd4 Rh7 32.Rdd7 a4 33.Kf1 a3 34.b3 Ra5 35.Rc8 Kg7 36.Rb7 Bd6
37.Bxb4 Bxb4 38.Rxb4 Rh8 39.Rxh8 Kxh8 40.Ra4 Rd5 41.Rxa3 Rd2 42.Ra7 Kg7 43.a4 Kf8
44.b4 Ke8 45.b5 Rb2 46.Rc7 Rb4 47.Ra7 Rb2 48.g3 e5 49.Ra6 f4 50.gxf4 exf4
51.Kg2 Rb3 52.Rxh6 Ke7 53.Ra6 Kd7 54.h4 Kc7 55.h5 Rd3 56.h6 Rd8 57.h7  1-0

[Event "ch-MGL"]
[Site "Ulan Bator MGL"]
[Date "2009.04.17"]
[Round "12"]
[White "Erdene,G"]
[Black "Gunbayar,M"]
[Result "1/2-1/2"]
[WhiteElo "2206"]
[BlackElo "2283"]

1.d4 d5 2.c4 c6 3.Nf3 Nf6 4.Nc3 e6 5.e3 Nbd7 6.Qc2 Bd6 7.e4 dxe4 8.Nxe4 Nxe4
9.Qxe4 Nf6 10.Qh4 Bb4+ 11.Bd2 Bxd2+ 12.Nxd2 h6 13.Qf4 b6 14.g3 Qe7 15.Bg2 Bb7
16.O-O O-O 17.Ne4 Nxe4 18.Bxe4 Rfd8 19.Rad1 Rd7 20.Rd3 Rad8 21.Rfd1 Rd6 22.c5 R6d7
23.b4 Ba6 24.Bxc6 e5 25.Qg4 Bxd3 26.Bxd7 Qxd7 27.Qxd7 Rxd7 28.Rxd3 bxc5 29.bxc5 exd4
30.Kf1 Rc7 31.Rxd4 Rxc5  1/2-1/2